| 000 | 01489cam a2200409 i 4500 | ||
|---|---|---|---|
| 001 | 52576 | ||
| 003 | KOSZ 005 | ||
| 005 | 20220609110034.0 | ||
| 008 | 060724s2006 pl a f f |001 0 pol | ||
| 015 | _aPB 2006/15562 | ||
| 020 | _a8320431778 | ||
| 040 |
_aWA N _cWA N _dKOSZ 005/HR |
||
| 046 | _k52576 | ||
| 080 | _a658.5 | ||
| 080 | _a681.58:004.454 | ||
| 080 | _a62-52 | ||
| 080 | _a(075.8) | ||
| 100 | 1 |
_aMikulczyński, Tadeusz _d(1951-2015) _eAutor |
|
| 245 | 1 | 0 |
_aAutomatyzacja procesów produkcyjnych : _bmetody modelowania procesów dyskretnych i programowania sterowników PLC / _cTadeusz Mikulczyński. |
| 246 | 3 | 0 | _aMetody modelowania procesów dyskretnych i programowania sterowników PLC/ |
| 260 |
_aWarszawa : _bWydawnictwa Naukowo-Techniczne, _c2006. |
||
| 300 |
_a212, [1] s. : _bil. ; _c24 cm. |
||
| 380 | _aKsiążki | ||
| 388 | _a2001- | ||
| 504 | _aBibliogr. s. 208-209. Indeks. | ||
| 521 | 8 | _aDla studentów wydziałów elektroniki, elektrycznych i mechanicznych. | |
| 650 | 4 | _aProdukcja | |
| 650 | 4 | _aAutomatyzacja | |
| 650 | 4 | _aSterowanie | |
| 650 | 4 | _aSterowniki programowalne | |
| 655 | 4 | _aPodręczniki akademickie | |
| 658 | _aInformatyka i technologie informacyjne | ||
| 658 | _aInżynieria i technika | ||
| 710 | 2 |
_aWydawnictwa Naukowo-Techniczne _4pbl. |
|
| 856 |
_uhttp://koha.tu.koszalin.pl/cgi-bin/koha/opac-detail.pl?biblionumber=52576 _yKatalog online BPK |
||
| 942 |
_2UKD _cKS |
||
| 999 |
_c52576 _d52576 |
||